000
00367nam a2200169Ia 4500
005
20250423101746.0
008
250422s9999 xx 000 0 und d
020
_a
978- 0- 596- 52721- 1
050
_a
QA 76.73.X58 .T53/
100
_a
Doug Tidwell
245
0
_a
XSLT
250
_a
2nd
260
_b
O'Reilly
260
_c
2008
300
_a
965 p
942
_c
BK
999
_c
37194
_d
37194